000 00632nam a2200181Ia 4500
003 GCL
008 140319s9999 xx 000 0 ara d
040 _aGCL /
_cGCL
082 0 4 _a581.
_bع د
100 1 _aعزالدين فراج
245 1 0 _aدائرة المعارف العلمية المصورة النباتات والحيونات البيئة العربية: تاريخيا وعلميا وزراعيا واقتصاديا وطبيا /
_cعزالدين فراج
260 _a[S.N] :
_bدار الفكر العربى
300 _a512
490 _a
650 0 4 _aالعلم
650 0 4 _aالنبات
942 _2ddc
_cBK
999 _c52424
_d52424